| 000 | 01275nam a22002657a 4500 | ||
|---|---|---|---|
| 999 |
_c8279 _d8279 |
||
| 005 | 20251125232818.0 | ||
| 008 | s2541 th tha d | ||
| 020 | _a9748165469 | ||
| 040 | _a์NALT | ||
| 041 | _atha | ||
| 050 | _aDS582 ส181พ 2541 | ||
| 245 | 1 | 0 | _aพระพุทธเจ้าหลวงกับชาวกรุงเก่า [2nd] |
| 260 | 3 |
_aพระนครศรีอยุธยา : _bสถาบันราชภัฏพระนครศรีอยุธยา, _c2541 |
|
| 300 |
_a161 หน้า : _b ภาพประกอบ, ตาราง ; _c 29 ซม. |
||
| 650 | 0 | 4 | _aพระนครศรีอยุธยา -- ความเป็นอยู่และประเพณี |
| 650 | 0 | 4 | _aพระราชวังบางปะอิน |
| 650 | 0 | 4 | _aอนุสาวรีย์พระนางเรือล่ม |
| 650 | 0 | 4 | _aไทย -- การรถไฟ |
| 650 | 0 | 4 | _aไทย -- ขนบธรรมเนียมประเพณี |
| 650 | 0 | 4 | _aไทย -- ประวัติศาสตร์ -- รัชกาลที่ 5, 2411--2453 |
| 850 | _aNALT | ||
| 856 | 4 | 0 |
_uhttps://hdl.handle.net/20.500.14156/448804 _71 |
| 942 |
_cGB _2lcc |
||